VARS/DOS technicko-ekonomické plánování

Guardado en:
Detalles Bibliográficos
Formato: Libro
Lenguaje:checo
Publicado: Praha Kancelářské stroje 1983
Etiquetas: Agregar Etiqueta
Sin Etiquetas, Sea el primero en etiquetar este registro!

MARC

LEADER 00000nam a2200000 4500
001 c116986
005 20041019155206.2
041 0 |a cze 
044 |a CZ 
245 1 0 |a VARS/DOS  |b technicko-ekonomické plánování 
264 1 |a Praha  |b Kancelářské stroje  |c 1983 
300 |a 87 s.